000 00706cam a2200205 a 4500
001 w 09000160
003 DLC
005 20260227112806.0
008 000912s1909 nyu 000 0 eng c
010 _aw 09000160
040 _aWashington, D.C. Public Library
_cDLC
_dDLC
050 0 0 _aPR4787
_b.A7 1909b
100 1 _aHewlett, Maurice,
_d1861-1923.
245 1 0 _aArtemision :
_bidylls and songs /
_cby Maurice Hewlett.
260 _aNew York :
_bC. Scribner's Sons,
_c1909.
300 _a124 p. ;
_c17 cm.
561 _5DLC
700 1 _aRogers, Bruce,
_d1870-1957,
_eformer owner.
_5DLC
710 2 _aPforzheimer Bruce Rogers Collection (Library of Congress)
_5DLC
999 _c91887
_d91887